Postavenie a činnosť sprievodcu cestovného ruchu bakalárska práca

Gespeichert in:
Bibliographische Detailangaben
1. Verfasser: Mičuchová, Zuzana
Körperschaft: Obchodná fakulta EU. Katedra obchodného práva
Weitere Verfasser: Veterníková, Mária, 1964-
Format: Buch
Sprache:Slowakisch
Veröffentlicht: Bratislava 2010
Tags: Tag hinzufügen
Keine Tags, Fügen Sie das erste Tag hinzu!

MARC

LEADER 00000nam$a2200000$$$4500
001 0134938
005 20240320074408.5
041 0 |a slo 
044 |a SK 
245 1 0 |a Postavenie a činnosť sprievodcu cestovného ruchu  |b bakalárska práca  |c Zuzana Mičuchová ; školiteľ: Mária Veterníková 
264 1 |a Bratislava  |c 2010 
300 |a 51 s. 
100 1 |a Mičuchová, Zuzana 
700 1 |a Veterníková, Mária, 1964- 
710 2 |a Obchodná fakulta EU. Katedra obchodného práva